Регионална библиотека "Любен Каравелов" - Русе

Хищническо злато (Запис номер 331199)

MARC детайли
000 -Лидер
Контролно поле с фиксирана дължина 01119nam a2200289 a 4500
003 - Код на организацията, давaща контролен номер
Контролно поле BLK
005 - Дата и час на последна редакция
Контролно поле 20240420160659.0
008 - Елементи от данни с фиксирана дължина
fixed length control field 190528b bu ||||| |||| 00| 0 bu d
020 ## - Международен стандартен номер на книга ISBN
Международен стандартен номер на книга ISBN 978-954-27-2249-6
040 ## - Източник на каталожния запис
Идентификатор на билиотеката - собственик на записа BLK
041 ## - Код за език
Код за езика на текст/звукозапис или на отделно заглавие Български
Код за езика КДБФ Български
080 ## - УДК
Текстов определител УДК Английска литература
УДК код - определител по УДК 821.111
УДК определител -311.9
УДК - код + определител 821.111-311.9
100 ## - Редна дума - Автор
Автор Рийв, Филип
Авторска отговорност първи автор
R(LIN) 1299
139 ## - Редно поле
Редна дума Рийв, Филип
Авторски знак Риз - Р 60
245 ## - Сведения за заглавието
Заглавие Хищническо злато
Редно поле (дума) Филип Рийв ; прев. от англ. ез. Коста Сивов.
260 ## - Област на издателските данни
Място на издаване, разпространение и проч. София
Име на издателя, разпространителя и проч. Егмонт България
Година на издаване 2018
9 (RLIN) 209434
300 ## - Физическа характеристика
Страници 335 с.
Илюстрации и др. с ил.
Размери/Мащаб 21 см
380 ## - Жанр
Жанр Худож. лит.
500 ## - Общи забележки
Забележка Ориг. загл.: Predatorʼs gold / Philip Reeve. - За автора: с. 334-335. - Продълж. на Смъртоносни машини
700 ## - Други автори (авторска отговорност)
Лично име Сивов, Коста Атанасов
9 (RLIN) 383724
852 ## - Местоположение
Форматна сигнатура Цб 294817
852 ## - Местоположение
Фондова буква Заемна - подръчен фонд
Систематично-азбучна сигнатура 821-31/Р 60 Ф
999 ## - СИСТЕМНИ КОНТРОЛНИ НОМЕРА
Koha biblionumber 331199
Koha biblioitemnumber 331199
942 ## - АРТИКУЛИ
Вид на библиотечния материал Книги
Скрит в OPAC Не
Периодичен библиозапис Да
Koha issues (borrowed), all copies 5
944 ## - СЪЗДАВАНЕ И РЕДАКЦИЯ на ЗАПИСА
Създаване/Редакция Създаване
Служител, извършил регистрацията/редакцията 30546
Статус, дата на статуса Ренета Константинова
999 ## - СИСТЕМНИ КОНТРОЛНИ НОМЕРА
Koha biblioitemnumber 331199
999 ## - СИСТЕМНИ КОНТРОЛНИ НОМЕРА
Koha biblioitemnumber 331199
Наличности
Код за отписване Код за изгубен артикул Източник на класификационната схема Код за повреда Коз за рестрикции Код за отдаване Артикулен № Име на библиотеката - собственик Име на библиотеката, в която се намира в момента Статус (Текущо местоположение) Дата на вписване в системата Местоположение - отдел Цена в лева Систематично азбучна сигнатура Баркод Цена в евро Служебен тип на артикула
  Не е изгубен Universal Decimal Classification Не е повреден без рестрикции ползва се в читалня 713730 Регионална библиотека "Любен Каравелов" Русе Регионална библиотека "Любен Каравелов" Русе Хранилище 2019-05-30 Хранилище 14.90 Цб 294817 120000832050 7.62 Книги
  Не е изгубен Universal Decimal Classification Не е повреден без рестрикции заемане за дома 803572 Регионална библиотека "Любен Каравелов" Русе Регионална библиотека "Любен Каравелов" Русе Заемна - подръчен фонд 2020-10-19 Заемна - подръчен фонд 10.88 821-31/Р 60 Ф 120000849249 5.56 Книги
  Не е изгубен Universal Decimal Classification Не е повреден без рестрикции заемане за дома 859356 Регионална библиотека "Любен Каравелов" Русе Регионална библиотека "Любен Каравелов" Русе Заемна - подръчен фонд 2021-10-29 Заемна - подръчен фонд 14.90 821-31/Р 60 Ф 120000861641 7.62 Книги
Vip Innovations Ltd, Rousse, Bulgaria 2025